| 000 | 00877nas a2200265 4500 | ||
|---|---|---|---|
| 001 | BR9000673 | ||
| 003 | BR-BrBNA | ||
| 005 | 20231205091814.0 | ||
| 007 | ta | ||
| 008 | 230509b bl.|||p| |||| 00| 00por d | ||
| 040 |
_aBR-BrBNA _bpor _cBiblioteca Nacional de Agricultura |
||
| 041 | _a(Pt) | ||
| 072 | _aP34; F62 | ||
| 100 | 1 | _aLambais, M.R. | |
| 100 | 1 | _aCardoso, E.J.B.N. | |
| 245 | 1 | _aAvaliacao da germinacao de esporos de fungos micorrizicos vesiculo-arbusculares e da colonizacao micorrizica de Stylosanthes guianensis em solo acido e distrofico | |
| 650 | _aMICORRIZA | ||
| 650 | _aFUNGO | ||
| 650 | _aGERMINACAO | ||
| 650 | _aESPORO | ||
| 650 | _aSTILOSANTE | ||
| 773 | 0 |
_tRevista Brasileira de Ciencia do Solo (Brazil) _xISSN 0100-0683 _g(Sep-Dec 1988), v. 12(3) p. 249-255 _wBR9000673 |
|
| 909 |
_a202311 _bLúcia _c55 _dLúcia Elande |
||
| 942 |
_2AGRIS _n0 _cANA |
||
| 999 |
_c127460 _d127460 |
||